E87(知多半島道路など)のIC - Statistics

General Stats
  • This quiz has been taken 48 times
  • The average score is 9 of 12
Answer Stats
知多半島道路 % Correct
PA 大府
87%
IC 阿久比
87%
PA 阿久比
87%
IC りんくう
84%
IC 大高
82%
IC 常滑
82%
IC/JCT 半田中央
79%
IC/JCT 半田中央
79%
IC セントレア東
63%
IC 大府東海
61%
IC 東浦知多
58%
IC 大府西
50%
No matching quizzes found
Score Distribution
Percent of People with Each Score
Percentile by Number Answered
Your Score History
You have not taken this quiz